000 00378nam a22001457a 4500
003 OSt
020 _a9789348140609
100 _aMISHRA, Akhilesh Kumar
245 _aInnovative Management : Driving Change and Achieving Growth
260 _aNew Delhi,
_bNaples India:
_c2024.
300 _a495p.
650 _aFaculty Publication
700 _aManju Bala
942 _2ddc
_cBK
999 _c13153
_d13153